| 000 | 00721cam a22002413a 4500 | ||
|---|---|---|---|
| 001 | 24016 | ||
| 003 | PGUSA | ||
| 005 | 20140828083519.0 | ||
| 008 | 071224s2007||||xxu|||||s|||||000 | eng d | ||
| 040 |
_aPGUSA _beng |
||
| 042 | _adc | ||
| 050 | 4 | _aTR | |
| 100 | 1 | _aDuchochois, Peter C. | |
| 245 | 1 | 0 |
_aPhotographic Reproduction Processes _h[electronic resource] / _cPeter C. Duchochois |
| 260 |
_bProject Gutenberg, _c2007 |
||
| 506 | _aPublic domain in the USA. | ||
| 516 | _aElectronic text | ||
| 653 | _aPhotographic reproduction of plans, drawings, etc. | ||
| 653 | _aPhotography -- Printing processes | ||
| 830 | 0 |
_aProject Gutenberg _v24016 |
|
| 856 | 4 | 0 | _uhttp://www.gutenberg.org/ebooks/24016 |
| 942 | _cEB | ||
| 999 |
_c253271 _d253271 |
||